00533cam a22002171 4500001001300000003000400013005001700017008004100034010001700075035002000092040001800112042001200130050002100142100004700163245002700210260001400237300002200251500001400273500001100287999001700298sa 67001536 DLC20260227112323.0890718s1963 ii 000 0 hino  asa 67001536  a(OCoLC)20029640 aDLCcWaUdDLC apremarc00aPK2098.19.V5bB31 aDvivedī, Rāmeśvara Prasāda,d1927-10aBāta kucha kahanī. c[1963/64] a4, 132 p.c19 cm. aIn Hindi. aPoems. c72702d72702